Élimination par catégorie - Pokémon n°4 - Statistiques

Statistiques générales
  • Ce quiz a été pris 1 976 fois
  • Le résultat moyen est 13 sur 20
Statistiques - réponses
Groupe # Catégorie % Correct
Vert 100 ... apparait en 2ème génération.
95%
Orange 106 ... commence par un M.
93%
Bleu 128 ... est de type normal.
92%
Vert 46 ... est un pokémon évolué.
90%
Orange 58 ... est monotype.
90%
Vert 10 ... est faible au type Eau.
86%
Bleu 55 ... termine par une consonne mais pas 'n'.
86%
Violet 193 ... n'a ni évolution ni pré-évolution.
86%
Bleu 10 ... ne peut pas évoluer.
78%
Orange 27 ... ne peut pas évoluer.
75%
Violet 54 ... est faible au type combat (sans les talents).
71%
Violet 24 ... est apparu avant le 1er janvier 2012.
68%
Vert 3 ... contient un Y et/ou un Z.
65%
Orange 4 ... est un pokémon fabuleux.
63%
Violet 3 ... peut méga-évoluer.
48%
Orange 1 ... ne contient pas de E. Manaphy
46%
Vert 1 ... peut encore évoluer. Ymphect
35%
Violet 1 ... gagne un type en méga-évoluant. Nanméouïe
28%
Bleu 4 ... a un talent unique dans le jeu.
27%
Bleu 1 ... a pour couleur majoritaire le rose ou le violet. Métamorph
15%
Aucun quiz correspondant
Distribution des résultats
% des personnes avec chaque résultat
Percentile par nombre de réponses
Votre historique - résultats
Vous n’avez pas pris ce quiz